| 000 | 00489nam a2200181Ia 4500 | ||
|---|---|---|---|
| 005 | 20250423100756.0 | ||
| 008 | 250422s9999 xx 000 0 und d | ||
| 020 | _a0201696835 | ||
| 050 | _aZ 257 .B53/ | ||
| 100 | _aBlatner, David | ||
| 245 | 0 | _aReal world scanning and halftones : the definitive guide to scanning and halftones from the desktop | |
| 250 | _a2nd ed. | ||
| 260 | _aBerkeley, Calif. | ||
| 260 | _bPeachpit Press | ||
| 260 | _c1998 | ||
| 300 | _a423 p | ||
| 942 | _cBK | ||
| 999 |
_c34307 _d34307 |
||